[Event "Toronto op U2200"]
[Site "Toronto"]
[Date "2014.04.20"]
[Round "5"]
[White "Bergenstam, Olof"]
[Black "Ye, Hanyuan"]
[Result "1/2-1/2"]
[WhiteElo "1932"]
[BlackElo "1782"]
[PlyCount "88"]
[EventDate "2014.04.18"]
[EventType "swiss"]
[EventRounds "6"]
[EventCountry "CAN"]
[SourceTitle "EXT 2022"]
[Source "ChessBase"]
[SourceDate "2021.10.06"]
[SourceVersion "1"]
[SourceVersionDate "2021.10.06"]
[SourceQuality "1"]

1. d4 e6 2. c4 Nf6 3. Nc3 Bb4 4. e3 b6 5. a3 Bxc3+ 6. bxc3 Bb7 7. f3 c5 8. Bd3 Nc6 9. Ne2 0-0 10. e4 d6 11. Bg5 h6 12. Bh4 e5 13. d5 Na5 14. 0-0 Ba6 15. f4 g5 16. fxg5 Nh7 17. g6 Qxh4 18. gxh7+ Kxh7 19. Ng3 Bc8 20. Nf5 Bxf5 21. Rxf5 Qe7 22. Qf3 f6 23. Rf1 Kg7 24. Qg4+ Kh7 25. Qh4 Nb7 26. Be2 Qg7 27. Rxf6 Rxf6 28. Rxf6 Rf8 29. Re6 Rf4 30. Qh5 Rf6 31. Rxf6 Qxf6 32. Bg4 Kg7 33. Qe8 Qf4 34. Qd7+ Kf6 35. Qe6+ Kg7 36. Qe7+ Qf7 37. Qxf7+ Kxf7 38. Kf2 Kf6 39. Kg3 Kg5 40. h4+ Kf6 41. Bd7 Na5 42. Bb5 Nb3 43. Kf2 Nd2 44. Ke3 Nb3 1/2-1/2

[Event "Toronto op U2200"]
[Site "Toronto"]
[Date "2014.04.20"]
[Round "6"]
[White "Noorali, Aahil"]
[Black "Bergenstam, Olof"]
[Result "0-1"]
[WhiteElo "1666"]
[BlackElo "1932"]
[PlyCount "134"]
[EventDate "2014.04.18"]
[EventType "swiss"]
[EventRounds "6"]
[EventCountry "CAN"]
[SourceTitle "EXT 2022"]
[Source "ChessBase"]
[SourceDate "2021.10.06"]
[SourceVersion "1"]
[SourceVersionDate "2021.10.06"]
[SourceQuality "1"]

1. e4 d6 2. d4 Nf6 3. Nc3 g6 4. Nf3 Bg7 5. Bf4 Nc6 6. Be2 0-0 7. 0-0 a6 8. Qd2 Bg4 9. Be3 e5 10. d5 Ne7 11. h3 Bd7 12. Rad1 Ne8 13. Bh6 f5 14. exf5 gxf5 15. Qg5 Ng6 16. Qxd8 Rxd8 17. Bxg7 Kxg7 18. Rfe1 h6 19. Bf1 Nf6 20. g3 Rg8 21. Be2 Kh8 22. Kh2 Rg7 23. Bf1 Rdg8 24. Rd2 Ne7 25. Kh1 Be8 26. Nh4 Bf7 27. Bc4 b5 28. Bf1 Nfxd5 29. Nxf5 Nxf5 30. Nxd5 Bxd5+ 31. Rxd5 Rf8 32. Rd2 Rgf7 33. Ree2 Nd4 34. Bg2 Kg7 35. c3 Nf3 36. Bxf3 Rxf3 37. Re4 R3f6 38. Rg4+ Kf7 39. Kg2 Ke6 40. Rg7 R8f7 41. Rg8 Rf8 42. Rg7 R6f7 43. Rg6+ Rf6 44. Rg7 R8f7 45. Rg8 a5 46. Ra8 a4 47. Rb8 c6 48. Rc8 Kd7 49. Ra8 d5 50. Ra7+ Kd6 51. Rxf7 Rxf7 52. g4 e4 53. Rd4 Rf3 54. Rd2 Ke5 55. Rd1 a3 56. b3 Rxc3 57. Rd2 Kf4 58. Re2 d4 59. Rd2 d3 60. Kf1 Rc2 61. Rd1 Rxa2 62. Ke1 Rb2 63. Ra1 a2 64. Kd1 Rb1+ 65. Rxb1 axb1Q+ 66. Kd2 Qc2+ 67. Ke1 Qe2# 0-1

[Event "Toronto op U2200"]
[Site "Toronto"]
[Date "2014.04.18"]
[Round "2"]
[White "Wing, Richard"]
[Black "Bergenstam, Olof"]
[Result "0-1"]
[WhiteElo "1629"]
[BlackElo "1932"]
[PlyCount "66"]
[EventDate "2014.04.18"]
[EventType "swiss"]
[EventRounds "6"]
[EventCountry "CAN"]
[SourceTitle "EXT 2022"]
[Source "ChessBase"]
[SourceDate "2021.10.06"]
[SourceVersion "1"]
[SourceVersionDate "2021.10.06"]
[SourceQuality "1"]

1. f4 Nf6 2. b3 d5 3. Bb2 c5 4. e3 Nc6 5. Bb5 Qb6 6. Bxc6+ Qxc6 7. Nf3 Bg4 8. h3 Bxf3 9. Qxf3 g6 10. 0-0 Bg7 11. d3 0-0 12. Na3 e6 13. c4 Rac8 14. Nb5 Qb6 15. e4 Rfd8 16. e5 Ne8 17. a4 Nc7 18. a5 Qa6 19. Nd6 Rb8 20. d4 cxd4 21. Bxd4 Rxd6 22. exd6 Bxd4+ 23. Kh1 Qxd6 24. Ra2 Qb4 25. Rc1 dxc4 26. bxc4 Qc5 27. Qd3 Rd8 28. Rb1 Bf6 29. Qe2 Rd4 30. Rxb7 Rxc4 31. Qf3 Nd5 32. g3 Rc1+ 33. Kh2 Qg1# 0-1